<?xml version="1.0" encoding="UTF-8"?>
<record
    xmlns:xsi="http://www.w3.org/2001/XMLSchema-instance"
    xsi:schemaLocation="http://www.loc.gov/MARC21/slim http://www.loc.gov/standards/marcxml/schema/MARC21slim.xsd"
    xmlns="http://www.loc.gov/MARC21/slim">

  <leader>01507nam0a2200361   4500</leader>
  <controlfield tag="001">RU\NLR\BIBL_A\012003655</controlfield>
  <controlfield tag="005">20190527144646.0</controlfield>
  <datafield tag="010" ind1=" " ind2=" ">
    <subfield code="a">978-5-6041599-6-5</subfield>
    <subfield code="9">200</subfield>
  </datafield>
  <datafield tag="021" ind1=" " ind2=" ">
    <subfield code="a">RU</subfield>
    <subfield code="b">&#x41A;&#x41D;-&#x41F;-19-025390</subfield>
    <subfield code="9">&#x41A;&#x41D;-&#x41F;-19-1923</subfield>
  </datafield>
  <datafield tag="035" ind1=" " ind2=" ">
    <subfield code="a">(NLR Aleph) 012003655</subfield>
  </datafield>
  <datafield tag="035" ind1=" " ind2=" ">
    <subfield code="a">(RuMoRGB)009946394</subfield>
  </datafield>
  <datafield tag="090" ind1=" " ind2=" ">
    <subfield code="a">11416978</subfield>
    <subfield code="c">11416978</subfield>
  </datafield>
  <datafield tag="100" ind1=" " ind2=" ">
    <subfield code="a">20190430d2018    u  y0rusy50      ca</subfield>
  </datafield>
  <datafield tag="101" ind1="0" ind2=" ">
    <subfield code="a">rus</subfield>
    <subfield code="a">fre</subfield>
  </datafield>
  <datafield tag="102" ind1=" " ind2=" ">
    <subfield code="a">RU</subfield>
  </datafield>
  <datafield tag="105" ind1=" " ind2=" ">
    <subfield code="a">a zzzz0|||yz </subfield>
  </datafield>
  <datafield tag="200" ind1="1" ind2=" ">
    <subfield code="a">&#x41F;&#x43E;&#x441;&#x43B;&#x435; &#x434;&#x43E;&#x436;&#x434;&#x44F;...</subfield>
    <subfield code="d">Apr&#xE8;s la pluie...</subfield>
    <subfield code="e">&#x444;&#x440;&#x430;&#x43D;&#x446;&#x443;&#x437;&#x441;&#x43A;&#x438;&#x435; &#x441;&#x43A;&#x43E;&#x440;&#x43E;&#x433;&#x43E;&#x432;&#x43E;&#x440;&#x43A;&#x438;</subfield>
    <subfield code="f">&#x42E;&#x43B;&#x438;&#x44F; &#x421;&#x43E;&#x446;&#x43A;&#x43E;&#x432;&#x430;</subfield>
    <subfield code="g">&#x445;&#x443;&#x434;&#x43E;&#x436;&#x43D;&#x438;&#x43A;-&#x438;&#x43B;&#x43B;&#x44E;&#x441;&#x442;&#x440;&#x430;&#x442;&#x43E;&#x440; &#x41A;&#x440;&#x438;&#x441;&#x442;&#x438;&#x43D;&#x430; &#x415;&#x440;&#x451;&#x43C;&#x438;&#x43D;&#x430;</subfield>
    <subfield code="z">fre</subfield>
  </datafield>
  <datafield tag="210" ind1=" " ind2=" ">
    <subfield code="a">&#x41C;&#x43E;&#x441;&#x43A;&#x432;&#x430;</subfield>
    <subfield code="c">&#x427;&#x435;&#x43B;&#x43E;&#x432;&#x435;&#x43A; &#x441;&#x43B;&#x43E;&#x432;&#x430;</subfield>
    <subfield code="d">2018</subfield>
  </datafield>
  <datafield tag="215" ind1=" " ind2=" ">
    <subfield code="a">[68] &#x441;.</subfield>
    <subfield code="c">&#x446;&#x432;. &#x438;&#x43B;.</subfield>
    <subfield code="d">16</subfield>
  </datafield>
  <datafield tag="300" ind1=" " ind2=" ">
    <subfield code="a">&#x410;&#x432;&#x442;. &#x442;&#x430;&#x43A;&#x436;&#x435; &#x43D;&#x430; &#x444;&#x440;. &#x44F;&#x437;.: Yulia Sotskova</subfield>
  </datafield>
  <datafield tag="300" ind1=" " ind2=" ">
    <subfield code="a">&#x422;&#x435;&#x43A;&#x441;&#x442; &#x43F;&#x430;&#x440;&#x430;&#x43B;. &#x440;&#x443;&#x441;., &#x444;&#x440;.</subfield>
  </datafield>
  <datafield tag="510" ind1="1" ind2=" ">
    <subfield code="6">z33790</subfield>
    <subfield code="a">Apr&#xE8;s la pluie...</subfield>
    <subfield code="z">fre</subfield>
  </datafield>
  <datafield tag="606" ind1="1" ind2=" ">
    <subfield code="a">&#x424;&#x440;&#x430;&#x43D;&#x446;&#x443;&#x437;&#x441;&#x43A;&#x438;&#x439; &#x44F;&#x437;&#x44B;&#x43A;</subfield>
    <subfield code="x">&#x424;&#x43E;&#x43D;&#x435;&#x442;&#x438;&#x43A;&#x430;</subfield>
    <subfield code="j">&#x423;&#x447;&#x435;&#x431;&#x43D;&#x44B;&#x435; &#x438;&#x437;&#x434;&#x430;&#x43D;&#x438;&#x44F; &#x434;&#x43B;&#x44F; &#x441;&#x440;&#x435;&#x434;&#x43D;&#x435;&#x439; &#x448;&#x43A;&#x43E;&#x43B;&#x44B;</subfield>
    <subfield code="2">nlr_sh2</subfield>
    <subfield code="3">RU\NLR\AUTH\661143700</subfield>
  </datafield>
  <datafield tag="610" ind1="0" ind2=" ">
    <subfield code="a">&#x444;&#x440;&#x430;&#x43D;&#x446;&#x443;&#x437;&#x441;&#x43A;&#x438;&#x435; &#x441;&#x43A;&#x43E;&#x440;&#x43E;&#x433;&#x43E;&#x432;&#x43E;&#x440;&#x43A;&#x438;</subfield>
  </datafield>
  <datafield tag="686" ind1="1" ind2=" ">
    <subfield code="a">&#x428;147.11-93&#x440;&#x443;&#x441;2-1</subfield>
  </datafield>
  <datafield tag="700" ind1=" " ind2="1">
    <subfield code="a">&#x421;&#x43E;&#x446;&#x43A;&#x43E;&#x432;&#x430;</subfield>
    <subfield code="b">&#x42E;. &#x42E;.</subfield>
    <subfield code="f">1988-</subfield>
    <subfield code="g">&#x42E;&#x43B;&#x438;&#x44F; &#x42E;&#x440;&#x44C;&#x435;&#x432;&#x43D;&#x430;</subfield>
  </datafield>
  <datafield tag="702" ind1=" " ind2="1">
    <subfield code="a">&#x415;&#x440;&#x451;&#x43C;&#x438;&#x43D;&#x430;</subfield>
    <subfield code="b">&#x41A;.</subfield>
    <subfield code="g">&#x41A;&#x440;&#x438;&#x441;&#x442;&#x438;&#x43D;&#x430;</subfield>
    <subfield code="4">040</subfield>
  </datafield>
  <datafield tag="790" ind1=" " ind2="1">
    <subfield code="6">z33510</subfield>
    <subfield code="a">Sotskova</subfield>
    <subfield code="b">Ju.Ju.</subfield>
    <subfield code="f">1968-</subfield>
    <subfield code="g">Julija Jur'evna</subfield>
  </datafield>
  <datafield tag="942" ind1=" " ind2=" ">
    <subfield code="c">BOOK</subfield>
  </datafield>
  <datafield tag="980" ind1=" " ind2=" ">
    <subfield code="a">NBR</subfield>
  </datafield>
  <datafield tag="980" ind1=" " ind2=" ">
    <subfield code="a">NB</subfield>
  </datafield>
</record>
